00712nam a22001937a 450000500170000001000150001702000260003203500130005803700130007108200110008410000280009524501990012325000200032226000310034227000790037330000280045250000190048070000190049920140801123056.0 aENG-109956 a9789351431497c995.00 aEN-93489 bDBAD/PUB a340.59 aMulla, Dinshaw Fardunji aPrinciples of Mahomedan Law incorporating The Wakf (Amendment) act, 2013 with effect from 1 November, 2013 /cby Dinshaw Fardunji Mulla; revised by Iqbal Ali Khan ; foreworded by Salman Khurshid a20th updated ed aGurgaonbLexis Nexisc2014 a14th Floor, Bldg No.10, Tower-B, DLF Cyber City, Phase-IIbGurgaone122002 alxxxvi,645p.c24cm(pbk) aIncludes index aIqbal Ali Khan